| 000 | 01226cam a2200337 a 4500 | ||
|---|---|---|---|
| 999 |
_c48257 _d48257 |
||
| 001 | 9173914 | ||
| 003 | Nust | ||
| 005 | 20180709082420.0 | ||
| 008 | 770808s1914 ilu b 001 0 eng | ||
| 010 | _a 14018110 | ||
| 020 |
_a0415096057 _cRs. 1020 |
||
| 038 | _aArshad | ||
| 040 |
_aDLC _cDLC _dDLC |
||
| 050 | 0 | 0 |
_aB1649.R93 _bO8 |
| 051 |
_aB1649.R93 _bO8 Copy 3 _cIn original dust jacket. |
||
| 082 |
_a192 _bRUS |
||
| 100 | 1 |
_aRussell, Bertrand, _d1872-1970. _91985 |
|
| 245 | 1 | 0 |
_aOur knowledge of the external world as a field for scientific method in philosophy / _cby Bertrand Russell. |
| 260 |
_aChicago : _bThe Open Court Publishing Co., _c1914. |
||
| 300 |
_aix, 251 p. ; _c23 cm. |
||
| 500 | _a"Delivered as Lowell Lectures in Boston, in March and April 1914"--Pref. | ||
| 504 | _aIncludes bibliographical references and index. | ||
| 650 | 0 |
_aKnowledge, Theory of. _91794 |
|
| 650 | 0 |
_aLogical atomism. _911448 |
|
| 710 | 2 |
_aOliver Wendell Holmes Collection (Library of Congress) _5DLC _911507 |
|
| 830 | 0 |
_aLowell Institute lectures ; _v1914. _911508 |
|
| 906 |
_a7 _bcbc _cpremver _d1 _encip _f19 _gy-genrareb |
||
| 942 |
_2ddc _cBK |
||